MARC details
| 000 -CABECERA |
| campo de control de longitud fija |
01321nam a2200325 i 4500 |
| 003 - IDENTIFICADOR DEL NÚMERO DE CONTROL |
| campo de control |
OSt |
| 005 - FECHA Y HORA DE LA ÚLTIMA TRANSACCIÓN |
| campo de control |
20260601193901.0 |
| 008 - DATOS DE LONGITUD FIJA--INFORMACIÓN GENERAL |
| campo de control de longitud fija |
260507b2011 mx a|||| |||| 00| 0 eng d |
| 040 ## - FUENTE DE LA CATALOGACIÓN |
| Centro catalogador/agencia de origen |
ICI |
| Lengua de catalogación |
eng |
| Centro/agencia transcriptor |
ICI |
| 041 ## - CÓDIGO DE LENGUA |
| Código de lengua del texto/banda sonora o título independiente |
eng |
| 050 ## - SIGNATURA TOPOGRÁFICA DE LA BIBLIOTECA DEL CONGRESO |
| Número de clasificación |
F1216.3 |
| Número de documento/Ítem |
.H47 2011 |
| 100 ## - ENTRADA PRINCIPAL--NOMBRE DE PERSONA |
| Término indicativo de función/relación |
autor |
| 245 ## - MENCIÓN DE TÍTULO |
| Título |
The Heritage of Mexico and Its Universal Value : |
| Resto del título |
sites inscribed in the World Heritage List. |
| 250 ## - MENCIÓN DE EDICIÓN |
| Mención de edición |
2011 edition. |
| 264 ## - PRODUCCIÓN, PUBLICACIÓN, DISTRIBUCIÓN, FABRICACIÓN Y COPYRIGHT |
| Producción, publicación, distribución, fabricación y copyright |
México : |
| Nombre del de productor, editor, distribuidor, fabricante |
Instituto Nacional de Antropología e Historia ; |
| 264 ## - PRODUCCIÓN, PUBLICACIÓN, DISTRIBUCIÓN, FABRICACIÓN Y COPYRIGHT |
| Nombre del de productor, editor, distribuidor, fabricante |
Consejo Nacional para la Cultura y las Artes, |
| Fecha de producción, publicación, distribución, fabricación o copyright |
2011 |
| 300 ## - DESCRIPCIÓN FÍSICA |
| Extensión |
79 páginas : |
| Otras características físicas |
color illustrations, maps ; |
| 336 ## - TIPO DE CONTENIDO |
| Fuente |
rdacontent |
| Término de tipo de contenido |
texto |
| 337 ## - TIPO DE MEDIO |
| Fuente |
rdamedia |
| Nombre/término del tipo de medio |
sin medio |
| 338 ## - TIPO DE SOPORTE |
| Fuente |
rdacarrier |
| Nombre/término del tipo de soporte |
volumen |
| 500 ## - NOTA GENERAL |
| Nota general |
Publication on Mexican cultural and natural sites inscribed on the UNESCO World Heritage List. |
| 520 ## - SUMARIO, ETC. |
| Sumario, etc. |
Comprehensive survey of the cultural and natural heritage sites of Mexico recognized by UNESCO for their outstanding universal value. |
| 650 ## - PUNTO DE ACCESO ADICIONAL DE MATERIA--TÉRMINO DE MATERIA |
| Término de materia o nombre geográfico como elemento de entrada |
World Heritage areas |
| Subdivisión geográfica |
Mexico. |
| 9 (RLIN) |
33904 |
| 650 ## - PUNTO DE ACCESO ADICIONAL DE MATERIA--TÉRMINO DE MATERIA |
| Término de materia o nombre geográfico como elemento de entrada |
Historic sites |
| Subdivisión geográfica |
Mexico. |
| 9 (RLIN) |
33905 |
| 650 ## - PUNTO DE ACCESO ADICIONAL DE MATERIA--TÉRMINO DE MATERIA |
| Término de materia o nombre geográfico como elemento de entrada |
Cultural property |
| Subdivisión geográfica |
Mexico. |
| 9 (RLIN) |
33906 |
| 650 ## - PUNTO DE ACCESO ADICIONAL DE MATERIA--TÉRMINO DE MATERIA |
| Término de materia o nombre geográfico como elemento de entrada |
Patrimonio mundial |
| Subdivisión geográfica |
México. |
| 9 (RLIN) |
33907 |
| 650 ## - PUNTO DE ACCESO ADICIONAL DE MATERIA--TÉRMINO DE MATERIA |
| Término de materia o nombre geográfico como elemento de entrada |
Sitios históricos |
| Subdivisión geográfica |
México. |
| 9 (RLIN) |
33908 |
| 650 ## - PUNTO DE ACCESO ADICIONAL DE MATERIA--TÉRMINO DE MATERIA |
| Término de materia o nombre geográfico como elemento de entrada |
Conservación del patrimonio cultural |
| Subdivisión geográfica |
México. |
| 9 (RLIN) |
33909 |
| 942 ## - ELEMENTOS DE PUNTO DE ACCESO ADICIONAL (KOHA) |
| Fuente del sistema de clasificación o colocación |
Library of Congress Classification |
| Tipo de ítem Koha |
Libros |
| Suprimir en OPAC |
1 |